| 000 | 01046nam a2200205 a 4500 | ||
|---|---|---|---|
| 005 | 20210223130604.0 | ||
| 008 | 080809s1984 mx r 000 0 spa d | ||
| 035 | _aUPN01000159138 | ||
| 049 | _aUNE | ||
| 080 | _a37.035.3 (7/8) "1983" MAG. | ||
| 100 | 1 |
_aMagendzo, Abraham _929097 |
|
| 245 | 1 | 0 |
_aGuía para talleres de formación de educadores en la integración entre educación y trabajo productivo / _cAbraham Magendzo. |
| 260 |
_aSantiago de Chile : _bOficina Regional de Educación de la UNESCO para América Latina y el Caribe, _c1984. |
||
| 300 | _a252 p. | ||
| 500 | _aSeminario-Taller Regional de capacitación de Especialistas de Formación Docente con Enfasis en la Integración entre la Educación y el Trabajo Productivo, San José, Costa Rica : 1983. | ||
| 690 | _aEducacion cooperativa - Formacion de docentes - America Latina | ||
| 690 | _aSeminario de docentes - Educacion cooperativa - America Latina | ||
| 710 | 2 |
_aOficina Regional de Educación de la UNESCO para América Latina y el Caribe _929723 |
|
| 905 | _aUNESCO | ||
| 999 |
_c131252 _d131252 |
||